Szczegóły MARC21

Podstawy ekonomiki przedsiębiorstw. T. 2 /

003 -Nazwa inst., której nr kontr. jest w polu 001 [,]
    • @
    • Nazwa instytucji, której n kontrolny jest w polu 001
    • NUKAT
005 -DATA I CZAS OSTATNIEJ MODYFIKACJI [,]
    • @
    • pole kontrolne
    • 20241231101232.0
020 -Międzynarod. znormalizowany nr książki - ISBN [ , ]
    • a
    • Numer ISBN
    • 8385798293 Find
    • q
    • Dopowiedzenie
    • całość
040 -Instytucja sporządzająca opis [ , ]
    • a
    • Instytucja, która sporządziła opis (NP)
    • NUKAT
    • c
    • Instytucja, która sporządziła rekord (NP)
    • WR U/jc
    • d
    • Instytucja, która zmodyfikowała rekord (P)
    • WR U/ms
    • d
    • Instytucja, która zmodyfikowała rekord (P)
    • Ł U/ips
942 -Rodzaj dokumentu [ , ]
    • c
    • Rodzaj dokumentu
    • Książka
245 -Strefa tytułu i oznaczenia odpowiedzialności [0,0]
    • a
    • Tytuł
    • Podstawy ekonomiki przedsiębiorstw. Find
    • n
    • Oznaczenie części (P)
    • T. 2 /
    • c
    • Pozostałe elementy strefy tytułu i oznaczenia odpowiedzialności (NP)
    • [aut.: Maria Białasiewicz et al. ; red. nauk. Stanisław Marek] ; Uniwersytet Szczeciński.
260 -Strefa adresu wydawniczego [ , ]
    • a
    • Miejsce wydania (P)
    • Szczecin :
    • b
    • Nazwa wydawcy (P)
    • Wydawnictwo Naukowe Uniwersytetu Szczecińskiego,
    • c
    • Data wydania (P)
    • 1994.
300 -Strefa opisu fizycznego [ , ]
    • a
    • Określenie formy książki i/lub objętość (NP)
    • 229 s. ;
    • c
    • Format (NP)
    • 25 cm.
336 -Typ zawartości [ , ]
    • a
    • Termin opisujący typ zawartości
    • Tekst
    • b
    • Kod określający zawartość
    • txt
    • 2
    • Źródło (terminu i kodu)
    • rdacontent
337 -Typ mediów [ , ]
    • a
    • Tryb odtwarzania
    • Bez urządzenia pośredniczącego
    • b
    • Kod typu mediów
    • n
    • 2
    • Źródło (terminu i kodu)
    • rdamedia
338 -Typ/rodzaj nośnika [ , ]
    • a
    • Hasło opisujące typ nośnika
    • Wolumin
    • b
    • Kod typu nośnika
    • nc
    • 2
    • Źródło (terminu i kodu)
    • rdacarrier
521 -Uwaga dot. przeznaczenia czytelniczego [8, ]
    • a
    • Uwaga dot. przeznaczenia czytelniczego
    • Skrypt dla studentów kierunków ekonomicznych.
080 -Uniwersalna Klasyfikacja Dziesiętna [ , ]
    • a
    • Symbol klasyfikacji
    • 658.1/.5
    • 2
    • Identyfikator wydania tablic
    • UDC-P058
    • 9
    • UKD
    • 5601
    • b
    • Dopowiedzenie
    • Organizacja przedsiębiorstwa.
    • 4
    • UKD2
    • 7665
    • x
    • Poddział wspólny
    • (075.8)
    • c
    • Dopowiedzenie poddz. wspólnego
    • (Podręczniki dla szkół wyższych. Skrypty).
650 -Hasło przedmiotowe [ ,7]
    • a
    • Hasło przedmiotowe
    • Ekonomika przedsiębiorstwa
    • v
    • Określnik formalny
    • podręczniki akademickie.
    • 2
    • Źródło terminu
    • kaba
    • 9
    • KHW
    • 350632
980 -Symbol UKD [ , ]
    • a
    • UKD
    • 658.1/.5(075.8)
700 -Hasło dodatkowe - nazwa osobowa [1, ]
    • a
    • Nazwa osobowa (NP)
    • Białasiewicz, Maria. Find
    • 9
    • KHW
    • 20620
700 -Hasło dodatkowe - nazwa osobowa [1, ]
    • a
    • Nazwa osobowa (NP)
    • Marek, Stanisław Find
    • c
    • Dopowiedzenie inne niż daty biograficzne (NP)
    • (ekonomista).
    • e
    • Określenie rodzaju współpracy
    • Red.
    • 9
    • KHW
    • 46884
710 -Hasło dodatkowe - nazwa ciała zbiorowego [2, ]
    • a
    • Nazwa ciała zbiorowego lub nazwa geograficzna jako pierwszy element (NP)
    • Uniwersytet Szczeciński.
    • b
    • Nazwa jednostki podrzędnej (P)
    • Wydawnictwo Naukowe.
    • 4
    • Kod relacji
    • pbl
    • 9
    • KHW
    • 51208
920 -ISBN [ , ]
    • a
    • ISBN
    • 83-85798-29-3 Find
    • q
    • Dopowiedzenie
    • całość
Lokalizacja Data inwentaryzacji Sygnatura Numer inwentarzowy Status udost.
BE1995-08-28 E.62429-2
BE1995-08-28 S.768192
BE1995-08-28 S.768212
BE1995-08-28 S.768232
BE1995-08-28 S.768252
BE1995-08-28 S.768272
BE1995-08-28 S.768292
BE1995-08-28 S.768312
BE1995-08-28 S.768332
BE1995-08-28 S.768352
BE1995-08-28 S.768372
BE1995-08-28 S.768392
BE1995-08-28 S.768412
BE1995-08-28 S.768432
BE1995-08-28 S.768452
BE1995-08-28 S.768472
BE1995-08-28 S.768492
BE1995-08-28 S.768512
BE1995-08-28 S.768532
BE1995-08-28 S.768552
BE1995-08-28 S.768572
BE1995-08-28 S.768592
BE1995-08-28 S.768612
BE1995-08-28 S.768632
BE1995-08-28 S.768652
BE1995-08-28 S.768672
BE1995-08-28 S.768692
BE1995-08-28 S.768712
BE1996-10-07 S.793002
BE1997-04-18 S.802252
BE1997-04-18 S.802272
BE1997-10-01 S.809702
BE2000-04-19 S.85740-3
BE2000-11-20 S.87224-3
T1995-08-28 TS.76873-11
T1995-08-28 TS.76875-11
T1995-08-28 TS.76877-11
T1995-08-28 TS.76879-11
T1995-08-28 TS.76881-11
T1995-08-28 TS.76883-11
T1995-08-28 TS.76885-11
T1995-08-28 TS.76887-11
T1995-08-28 TS.76889-11
T1995-08-28 TS.76891-11
T1995-08-28 TS.76893-11
T1995-08-28 TS.76895-11
T1995-08-28 TS.76897-11
T1996-10-07TS.79301TS.79301-11
T1997-04-18 TS.80226-3